logo

Bir Sreshtho Munshi Abdur Rouf Library
Jhenaidah Cadet College

The lost peace : (Record no. 12683)

MARC details
000 -LEADER
fixed length control field 02122cam a22002894a 4500
001 - CONTROL NUMBER
control field 12683
003 - CONTROL NUMBER IDENTIFIER
control field BDJhCC
005 - DATE AND TIME OF LATEST TRANSACTION
control field 20230506100952.0
008 - FIXED-LENGTH DATA ELEMENTS--GENERAL INFORMATION
fixed length control field 230506s2010 nyua b 001 0 eng
010 ## - LIBRARY OF CONGRESS CONTROL NUMBER
LC control number 2010005727
020 ## - INTERNATIONAL STANDARD BOOK NUMBER
International Standard Book Number 9780061628665
040 ## - CATALOGING SOURCE
Original cataloging agency DLC
Transcribing agency DLC
Modifying agency DLC
-- BDJhCC
050 00 - LIBRARY OF CONGRESS CALL NUMBER
Classification number D843
Item number .D2 2010
082 00 - DEWEY DECIMAL CLASSIFICATION NUMBER
Classification number 909.82/4
Edition number 22
Item number DAL 2010
100 1# - MAIN ENTRY--PERSONAL NAME
Personal name Dallek, Robert.
245 14 - TITLE STATEMENT
Title The lost peace :
Remainder of title leadership in a time of horror and hope, 1945-1953 /
Statement of responsibility, etc. Robert Dallek.
250 ## - EDITION STATEMENT
Edition statement 1st ed.
260 ## - PUBLICATION, DISTRIBUTION, ETC.
Place of publication, distribution, etc. New York :
Name of publisher, distributor, etc. Harper,
Date of publication, distribution, etc. c2010.
300 ## - PHYSICAL DESCRIPTION
Extent xi, 420 p., [16] p. of plates :
Other physical details ill. ;
Dimensions 24 cm.
504 ## - BIBLIOGRAPHY, ETC. NOTE
Bibliography, etc. note Includes bibliographical references (p. [395]-400) and index.
505 0# - FORMATTED CONTENTS NOTE
Formatted contents note London, Moscow , and Washington: friends in need -- From Tehran to Roosevelt's death -- Collapse and renewal -- Hope and despair -- Irrepressible conflicts? -- The triumph of fear -- Cold war illusions-and realities -- War by other means -- The military solution -- Limited war -- Elusive peace.
520 ## - SUMMARY, ETC.
Summary, etc. In a reinterpretation of the postwar years, historian Robert Dallek examines what drove the leaders of the most powerful nations around the globe--Roosevelt, Churchill, Stalin, Mao, de Gaulle, and Truman--to rely on traditional power politics despite the catastrophic violence their nations had endured. The decisions of these men, for better and often for worse, had profound consequences for decades to come, influencing relations and conflicts with China, Korea, the Middle East, and around the globe. This book is a penetrating look at the misjudgments that caused enormous strife and suffering during this critical period, from the closing months of World War II through the early years of the Cold War. The men who led the world at this time executed astonishingly unwise actions that propelled the nuclear arms race and extended the Cold War. Dallek has written a cautionary tale that considers what might have been done differently.--From publisher description.
650 #0 - SUBJECT ADDED ENTRY--TOPICAL TERM
Topical term or geographic name entry element World politics
Chronological subdivision 1945-1955.
650 #0 - SUBJECT ADDED ENTRY--TOPICAL TERM
Topical term or geographic name entry element World War, 1939-1945
General subdivision Peace.
650 #0 - SUBJECT ADDED ENTRY--TOPICAL TERM
Topical term or geographic name entry element Cold War.
942 ## - ADDED ENTRY ELEMENTS (KOHA)
Source of classification or shelving scheme Dewey Decimal Classification
Koha item type Books
Holdings
Withdrawn status Lost status Source of classification or shelving scheme Damaged status Not for loan Home library Current library Shelving location Date acquired Total Checkouts Full call number Barcode Date last seen Copy number Price effective from Koha item type
    Dewey Decimal Classification     JCC Rouf Library JCC Rouf Library General Stacks 05/06/2023   909.82/4 DAL 2010 17594 05/06/2023 C-1 05/06/2023 Books

JCC Library | Contacts | JCC Home

Last Update on 23 September 2017
Copyright @ 2017-2020 JCC Rouf Library
Rouf Library, Jhenidah Cadet College (JCC), Bangladesh